000 01001nam a22003017a 4500
001 6091
003 FISKH
005 20250310141325.0
008 250310b cb ||||| |||| 00| 0 eng d
020 _a9780439224567
040 _aFISKH
_beng
_cFISKH
_dFISKH
050 _aPZ7.M5543 W
082 _a546
100 _aMiles, Ellen
_d(1957–)
245 _aThe wind in the willows /
_cRetold from Kenneth Grahame ; By Ellen Miles ; Illustrations by Steven Smallman
250 _aThis edition first published in 2002
260 _aNew York :
_bScholastic,
_c2002
300 _a147 pages :
_billustrations ;
_c20 cm
505 _aP
520 _aThe escapades of four animal friends who live along a river in the English countryside--Toad, Mole, Rat, and Badger.
521 8 _a630
_bLexile
521 8 _aP
_bRaz-Plus
650 _2Classics
_aChapter book
650 _2Wind in the Willows
_aBin 8
700 _aSmallman, Steven
_dillustrator
942 _2ddc
_cBK
_n0
999 _c6091
_d6091